000 00456nam a2200205Ia 4500
001 12599
003 GE_BSU
008 181216s||||||||xx |||||||||||||| ||und||
020 _a9780007117819
040 _cGE_BSU
080 _a821.111-312
100 _aWilson,Robert.
245 4 _aThe Blind Man of Seville.
260 _aLondon.
260 _bHarper.
260 _c2007
300 _a568p;18cm.
653 _aThe Blind Man of Seville.
942 _cBK
999 _c45772
_d45772